| 000 -LEADER |
| fixed length control field |
01201nam a22001817a 4500 |
| 005 - DATE AND TIME OF LATEST TRANSACTION |
| control field |
20240326141120.0 |
| 008 - FIXED-LENGTH DATA ELEMENTS--GENERAL INFORMATION |
| fixed length control field |
240326c1999 ge ||||| |||| 00| 0 geo d |
| 041 ## - LANGUAGE CODE |
| Language code of text/sound track or separate title |
geo |
| 245 ## - TITLE STATEMENT |
| Title |
მილსადენის არქეოლოგია= Pipeline archaeology : |
| Remainder of title |
1999 / |
| Statement of responsibility, etc. |
საქართველოს მეცნიერებათა აკადემია; არქეოლოგიური კვლევის ცენტრი; საქართველოს მილსადენის კომპანია; რედაქტორები : ვ. ლიჩელი, ვ. ჯაფარიძე. |
| 260 ## - PUBLICATION, DISTRIBUTION, ETC. |
| Place of publication, distribution, etc. |
თბილისი, |
| Date of publication, distribution, etc. |
1999. |
| 300 ## - PHYSICAL DESCRIPTION |
| Extent |
V. |
| 653 ## - INDEX TERM--UNCONTROLLED |
| Uncontrolled term |
მილსადენის არქეოლოგია |
| 653 ## - INDEX TERM--UNCONTROLLED |
| Uncontrolled term |
პერიოდიკა |
| 700 ## - ADDED ENTRY--PERSONAL NAME |
| Personal name |
ლიჩელი, ვ. |
| Relator term |
რედაქტორი |
| 9 (RLIN) |
21592 |
| 700 ## - ADDED ENTRY--PERSONAL NAME |
| Personal name |
ჯაფარიძე, ვ. |
| Relator term |
რედაქტორი |
| 9 (RLIN) |
21593 |
| 710 ## - ADDED ENTRY--CORPORATE NAME |
| Corporate name or jurisdiction name as entry element |
საქართველოს მეცნიერებათა აკადემია ; არქეოლოგიური კვლევის ცენტრი |
| 9 (RLIN) |
21594 |
| 942 ## - ADDED ENTRY ELEMENTS (KOHA) |
| Source of classification or shelving scheme |
|
| Koha item type |
პერიოდიკა |